000
00229nam a2200097Ia 4500
008
170619s9999 xx 000 0 und d
100
_a
Sedra / Smith
245
0
_a
Microelectronic Circuits
260
_b
Oxford Uni. Press
260
_c
2004
546
_a
ENGLISH
999
_c
17227
_d
17227